Verse writing : a practical handbook for college classes and private guidance
Αποθηκεύτηκε σε:
| Κύριος συγγραφέας: | |
|---|---|
| Μορφή: | Βιβλίο |
| Γλώσσα: | English |
| Δημοσίευση: |
New York :
MacMillan Co.,
1917
|
| Θέματα: | |
| Ετικέτες: |
Προσθήκη ετικέτας
Δεν υπάρχουν, Καταχωρήστε ετικέτα πρώτοι!
|
MARC
| LEADER | 00000cam a2200000 i 4500 | ||
|---|---|---|---|
| 001 | 1/53420 | ||
| 008 | 040421s1917 eng d | ||
| 035 | |l 10073095 | ||
| 040 | |a GR-MY-UA |b gre |e aacr | ||
| 041 | 0 | |a eng | |
| 082 | 0 | |a 426 | |
| 100 | 1 | |a Carruth, William Herbert, |d 1859-1924. | |
| 245 | 1 | 0 | |a Verse writing : |b a practical handbook for college classes and private guidance / |c William Herbert Carruth |
| 260 | |a New York : |b MacMillan Co., |c 1917 | ||
| 300 | |a 123 p. | ||
| 650 | 0 | 0 | |a English language |x Versification. |
| 852 | |a INST |b RHODES |c AKA |e 20040421 |h 426 CAR |p 005400019263 |q 005400019263 |t BK |y 0 | ||
| 901 | |a BIBL4-2004-1 | ||
| 909 | |a Ρ |b 109261 | ||
| 970 | |a ΚΟΥΛΑΚΙΟΤΗ |b ΛΙΤΣΑ |z 2004/04/21 | ||